Statystyki dla Rozsypanka Literowa #1 -Nazwy Krajów

Kliknij tutaj aby rozwiązać quiz!

Ogólne statystyki

  • Ten quiz został rozwiązany 7 205 razy
    (7 109 od ostatniego zresetowania)
  • Średni wynik to 23 z 40

Statystyki odpowiedzi

Lp.LiteryOdpowiedź% Poprawnych
1I Y C H NChiny
99%
3J P O A A I NJaponia
99%
2I H A T IHaiti
96%
7Ę W Y R GWęgry
96%
10E S I A O T NEstonia
92%
11A S Z E W J CSzwecja
92%
5W I T L ALitwa
91%
4O R A J SRosja
89%
6A P L O K SPolska
88%
8Z U T E N J ATunezja
85%
12H A B A Y MBahamy
82%
9H C Ł Y W OWłochy
82%
1O L H A D I A NHolandia
78%
9Ó C Z R A O N G A RCzarnogóra
65%
5O D M N I K A N A IDominikana
64%
2Ł O N I A S W ESłowenia
64%
1O T A P R U I L G APortugalia
61%
2N A S T A Z H C A KKazachstan
56%
10K I B Z A M O MMozambik
56%
4D A G A K A R S M AMadagaskar
53%
6G A N A S T F A I NAfganistan
51%
7P U R G A S I NSingapur
49%
6Z A S I H N I A PHiszpania
47%
5L I A A U T R A SAustralia
44%
2R O D L I Ś W O K O P U R Y F A E R B Ń A K K S A A KRepublika Środkowoafrykańska
43%
4Z I N J A O D N EIndonezja
42%
7I R N A S A M N OSan Marino
40%
8J E Z N Y O D N Z C N E O S T AStany Zjednoczone
39%
10A R E O W A D N I O Ł U O P KKorea Południowa
37%
3Y T A N G N E A RArgentyna
33%
9Y J K S A D B I A R A U S AArabia Saudyjska
32%
11Z J A K R O M I N EMikronezja
32%
7I R A Y T C Z N E O E M B K E I S D O N E J Z R A AZjednoczone Emiraty Arabskie
30%
5Y S W Ś O M A Ż Ę P Y W E O G Z S A T I A S I Ą K Ę I TWyspy Świętego Tomasza i Książęca
29%
8A U M T A A I N E RMauretania
28%
1G A C Z A N L I B A K O N K Y T R A K O M D E P U R EDemokratyczna Republika Konga
27%
3E L I L K I A L Ą D R Z U P B O N E Z A K R E O GRepublika Zielonego Przylądka
26%
4F R Y Ł D U W E J L I B A K A K I O I N P E U R O PRepublika Południowej Afryki
24%
3O W A I D Z L A N N A ENowa Zelandia
21%
6T I K T S I V I A S N E S N I TSaint Kitts i Nevis
16%

Rozkład punktacji

Percentyl według liczby udzielonych odpowiedzi

Procent ludzi z każdym wynikiem

Twoja historia wyników

Nie rozwiązałeś tego quizu od ostatniego zresetowania